00946nam a22002537a 45000010005000000030006000050050017000110080041000280200018000690400029000870500013001160820015001291000024001442450115001682600038002833000048003215050008003695200179003775210021005565210020005776500028005976500031006257000036006565192FISKH20241118153507.0241118b cb ||||| |||| 00| 0 eng d a9780590203623 aFISKHbengcFISKHdFISKH aE184.K45 a973.049593 aGraff, Nancy Price  aWhere the River Runs : bA Portrait of of Refugee Family /cby Nancy Price Graff : Photographs Richard Howard  aNew York : bScholastic ;c1993 . a71 pages : bcolor illustrations ;c26 cm . aZ  aDescribes the experiences of a family of Cambodian refugees as they learn to adjust to a different way of life in the United States while holding on to their ethnic heritage.8 a1340 bLexile 8 aZ bRaz-Plus  aimmigrantsvnon-fiction ainformationalvnon-fiction aHoward, Richard ePhotographer